000 01182cam a2200277 i 4500
999 _c58139
_d58139
001 18794286
005 20210628140253.0
008 150924s2016 enka f 000 0 eng
020 _a9781138806368
041 _aeng
080 _a159.9 T- 44
245 0 4 _aThe handbook of intellectual disability and clinical psychology practice /
_cedited by Alan Carr, Christine Linehan, Gary O'Reilly, Patricia Noonan Walsh and John McEvoy.
250 _aSecond edition.
264 1 _aLondon ;
_bRoutledge/Taylor & Francis Group,
_c2016.
300 _a863 pages :
_billustrations ;
_c26 cm.
653 _aგონებრივი ჩამორჩენა
653 _aУмственная отсталость
653 _aკლინიკური ფსიქოლოგია
653 _aКлиническая психология
700 1 _aCarr, Alan
_d
_eრედაქტორი
_98804
700 1 _aChristine, Linehan
_912140
700 1 _aO'Reilly, Gary
_eრედაქტორი
_912141
700 1 _aNoonan Walsh, Patricia
_eრედაქტორი
_912142
700 1 _aMcEvoy, John
_eრედაქტორი
_912143
942 _2udc
_cBK